000 00580nam a2200145Ia 4500
008 151213s9999 xx 000 0 und d
100 _aবেগম রাজিয়া হোসাইন।
245 _aমেঘ ছুয়ে যায় বারে বারে।
_cবেগম রাজিয়া হোসাইন।
260 _aঢাকা।
_bআলপনা প্রকাশনী।
_c2004
300 _a8691 p.
650 _aBangla
650 _aকবিতা।
700 _aবেগম রাজিয়া হোসাইন।
999 _c4477
_d4477